| 000 | 00683nas1a22002531i 4500 | ||
|---|---|---|---|
| 001 | RU\NLR\INFOCOMM18\5000174715 | ||
| 005 | 20240726051740.0 | ||
| 035 | _a(NLR Aleph) 002425185 | ||
| 090 |
_a1941848 _c1941848 |
||
| 100 | _a20050201b19911991|||y0rusy50 ca | ||
| 101 | 0 | _arus | |
| 102 | _aRU | ||
| 110 | _aayuzz 0|y| | ||
| 200 | 1 |
_aШарм _fЛит. фонд России |
|
| 210 |
_aМ. _d1991 |
||
| 311 | _aПрекр. на №1 1991 | ||
| 712 | 0 | 2 |
_aЛитературный фонд России _4570 |
| 801 | 1 |
_aRU _bInfoComm _c20050201 |
|
| 801 | 0 |
_aRU _bNLR _gPSBO |
|
| 852 |
_aNLR _jП22/6052 |
||
| 942 | _cJOURNAL | ||
| 980 | _aRUSPER | ||